| 000 | 00569 a2200169 4500 | ||
|---|---|---|---|
| 020 | _a0071125671 (paperback) | ||
| 020 | _a9780071125673 (paperback) | ||
| 090 |
_c4364 _d4364 |
||
| 100 | 1 | _aCascio, W. | |
| 245 | 1 | 0 |
_aManaging human resources : _bproductivity, quality of work life, profits / _cW. Cascio. |
| 250 | _a3Rev Ed ed. | ||
| 260 |
_a[S.l.] : _bMcGraw-Hill Education (ISE Editions), _c1992. |
||
| 300 | _a704 p. | ||
| 500 | _aImport. | ||
| 856 | 4 | 0 |
_3Amazon.com _uhttp://www.amazon.com/exec/obidos/ASIN/0071125671/chopaconline-20 |
| 942 |
_aNBS _cBK _k658.3 CAS |
||
| 999 |
_c346809 _d346809 |
||